Labour productivity (Record no. 20853)

MARC details
000 -LEADER
fixed length control field 00346nam a2200133Ia 4500
082 ## - DEWEY DECIMAL CLASSIFICATION NUMBER
Classification number 331:338.312
Item number DUN
100 ## - MAIN ENTRY--AUTHOR NAME
Personal name DIATCHENKO, Vasilii P
245 #0 - TITLE STATEMENT
Title Labour productivity
260 ## - PUBLICATION, DISTRIBUTION, ETC. (IMPRINT)
Place of publication New York
Name of publisher McGraw Hill
Year of publication 1964
650 ## - SUBJECT ADDED ENTRY--TOPICAL TERM
Topical Term Labour productivity
700 ## - ADDED ENTRY--PERSONAL NAME
Personal name DUNLOP, John T
942 ## - ADDED ENTRY ELEMENTS (KOHA)
Koha item type Books
Holdings
Withdrawn status Lost status Damaged status Not for loan Home library Current library Date acquired Full call number Accession Number Koha item type
        RRII Library RRII Library 16/12/2021 331:338.312 DUN 01575 Books